000 00667nam a2200205 i 4500
001 36621
003 ES-MaACL
005 20230906155414.0
007 t|
008 030218s1955 mx ||||1| spa d
100 1 _aBuber, Martin.
_932267
245 1 0 _aCaminos de utopía /
_cpor Martín Buber ; [traducción de Rovira Armengol].
260 _aMéxico :
_b[s.n.,
_c1955] (
_fGráf. Panamericana)
300 _a204 p. ;
_c17 cm.
490 1 _aBreviarios del Fondo de Cultura Económica
700 1 _aRovira Armengol, José.
_9100141
830 0 _aBreviarios del Fondo de Cultura Económica
_9179682
852 _aES-MaACL
_jC-17344
_bR.45218
999 _c36621
_d36621